<?xml version="1.0" encoding="UTF-8"?><?xml-stylesheet type="text/xsl" href="static/style.xsl"?><OAI-PMH xmlns="http://www.openarchives.org/OAI/2.0/" xmlns:xsi="http://www.w3.org/2001/XMLSchema-instance" xsi:schemaLocation="http://www.openarchives.org/OAI/2.0/ http://www.openarchives.org/OAI/2.0/OAI-PMH.xsd"><responseDate>2026-04-17T23:33:15Z</responseDate><request verb="GetRecord" identifier="oai:repisalud.isciii.es:20.500.12105/19926" metadataPrefix="marc">https://repisalud.isciii.es/rest/oai/request</request><GetRecord><record><header><identifier>oai:repisalud.isciii.es:20.500.12105/19926</identifier><datestamp>2024-09-27T08:15:48Z</datestamp><setSpec>com_20.500.12105_19604</setSpec><setSpec>com_20.500.12105_2051</setSpec><setSpec>col_20.500.12105_19605</setSpec></header><metadata><record xmlns="http://www.loc.gov/MARC21/slim" xmlns:dcterms="http://purl.org/dc/terms/" xmlns:doc="http://www.lyncode.com/xoai" xmlns:xsi="http://www.w3.org/2001/XMLSchema-instance" xsi:schemaLocation="http://www.loc.gov/MARC21/slim http://www.loc.gov/standards/marcxml/schema/MARC21slim.xsd">
   <leader>00925njm 22002777a 4500</leader>
   <datafield ind2=" " ind1=" " tag="042">
      <subfield code="a">dc</subfield>
   </datafield>
   <datafield ind2=" " ind1=" " tag="720">
      <subfield code="a">Makhlin, Igor</subfield>
      <subfield code="e">author</subfield>
   </datafield>
   <datafield ind2=" " ind1=" " tag="720">
      <subfield code="a">Demissei, Biniyam G</subfield>
      <subfield code="e">author</subfield>
   </datafield>
   <datafield ind2=" " ind1=" " tag="720">
      <subfield code="a">D'Agostino, Ralph</subfield>
      <subfield code="e">author</subfield>
   </datafield>
   <datafield ind2=" " ind1=" " tag="720">
      <subfield code="a">Hundley, W Greg</subfield>
      <subfield code="e">author</subfield>
   </datafield>
   <datafield ind2=" " ind1=" " tag="720">
      <subfield code="a">Baleanu-Gogonea, Camelia</subfield>
      <subfield code="e">author</subfield>
   </datafield>
   <datafield ind2=" " ind1=" " tag="720">
      <subfield code="a">Wilcox, Nicholas S</subfield>
      <subfield code="e">author</subfield>
   </datafield>
   <datafield ind2=" " ind1=" " tag="720">
      <subfield code="a">Chen, Anna</subfield>
      <subfield code="e">author</subfield>
   </datafield>
   <datafield ind2=" " ind1=" " tag="720">
      <subfield code="a">Smith, Amanda M</subfield>
      <subfield code="e">author</subfield>
   </datafield>
   <datafield ind2=" " ind1=" " tag="720">
      <subfield code="a">O'Connell, Nathaniel Sean</subfield>
      <subfield code="e">author</subfield>
   </datafield>
   <datafield ind2=" " ind1=" " tag="720">
      <subfield code="a">Januzzi, James L</subfield>
      <subfield code="e">author</subfield>
   </datafield>
   <datafield ind2=" " ind1=" " tag="720">
      <subfield code="a">Lesser, Glenn J</subfield>
      <subfield code="e">author</subfield>
   </datafield>
   <datafield ind2=" " ind1=" " tag="720">
      <subfield code="a">Scherrer-Crosbie, Marielle</subfield>
      <subfield code="e">author</subfield>
   </datafield>
   <datafield ind2=" " ind1=" " tag="720">
      <subfield code="a">Ibáñez, Borja</subfield>
      <subfield code="e">author</subfield>
   </datafield>
   <datafield ind2=" " ind1=" " tag="720">
      <subfield code="a">Tang, W H Wilson</subfield>
      <subfield code="e">author</subfield>
   </datafield>
   <datafield ind2=" " ind1=" " tag="720">
      <subfield code="a">Ky, Bonnie</subfield>
      <subfield code="e">author</subfield>
   </datafield>
   <datafield ind2=" " ind1=" " tag="260">
      <subfield code="c">2024-06-03</subfield>
   </datafield>
   <datafield ind2=" " ind1=" " tag="520">
      <subfield code="a">PURPOSE&#xd;
Preventing Anthracycline Cardiovascular Toxicity with Statins (PREVENT; NCT01988571) randomized patients with breast cancer or lymphoma receiving anthracyclines to atorvastatin 40 mg daily or placebo. We evaluated the effects of atorvastatin on oxidative and nitrosative stress biomarkers, and explored whether these biomarkers could explain the lack of effect of atorvastatin on LVEF (left ventricular ejection fraction) in PREVENT.&#xd;
PATIENTS AND METHODS&#xd;
Blood samples were collected and cardiac MRI was performed before doxorubicin initiation and at 6 and 24 months. Thirteen biomarkers [arginine-nitric oxide metabolites, paraoxonase-1 (PON-1) activity, and myeloperoxidase] were measured. Dimensionality reduction using principal component analysis was used to define biomarker clusters. Linear mixed-effects models determined the changes in biomarkers over time according to treatment group. Mediation analysis determined whether biomarker clusters explained the lack of effect of atorvastatin on LVEF.&#xd;
RESULTS&#xd;
Among 202 participants with available biomarkers, median age was 53 years; 86.6% had breast cancer; median LVEF was 62%. Cluster 1 levels, reflecting arginine methylation metabolites, were lower over time with atorvastatin, although this was not statistically significant (P = 0.081); Cluster 2 levels, reflecting PON-1 activity, were significantly lower with atorvastatin (P = 0.024). There were no significant changes in other biomarker clusters (P > 0.05). Biomarker clusters did not mediate an effect of atorvastatin on LVEF (P > 0.05).&#xd;
CONCLUSIONS&#xd;
Atorvastatin demonstrated very modest effects on oxidative/nitrosative stress biomarkers in this low cardiovascular risk population. Our findings provide potential mechanistic insight into the lack of effect of atorvastatin on LVEF in the PREVENT trial.</subfield>
   </datafield>
   <datafield ind1="8" ind2=" " tag="024">
      <subfield code="a">Clin Cancer Res. 2024 Jun 3;30(11):2370-2376.</subfield>
   </datafield>
   <datafield ind1="8" ind2=" " tag="024">
      <subfield code="a">http://hdl.handle.net/20.500.12105/19926</subfield>
   </datafield>
   <datafield ind1="8" ind2=" " tag="024">
      <subfield code="a">38573708</subfield>
   </datafield>
   <datafield ind1="8" ind2=" " tag="024">
      <subfield code="a">10.1158/1078-0432.CCR-23-3952</subfield>
   </datafield>
   <datafield ind1="8" ind2=" " tag="024">
      <subfield code="a">1557-3265</subfield>
   </datafield>
   <datafield ind1="8" ind2=" " tag="024">
      <subfield code="a">Clinical cancer research : an official journal of the American Association for Cancer Research</subfield>
   </datafield>
   <datafield ind2="0" ind1="0" tag="245">
      <subfield code="a">Statins Do Not Significantly Affect Oxidative Nitrosative Stress Biomarkers in the PREVENT Randomized Clinical Trial.</subfield>
   </datafield>
</record></metadata></record></GetRecord></OAI-PMH>